00496nam a2200133 a 450000100100000000500170001000800410002704000250006808200160009324501250010926000770023430000300031150000210034100000480320200929151514.0090727s2005 dr c 001 0 spa d aDO-SdBNPbspacBNPHU axxxxbC766c00aConstruyendo ciudadanía :ben el desarrollo local y en la reducción de la pobreza /cEnrique de León ... [et al.]. aSanto Domingo :bPrograma Descentralización y Desarrollo Local,c2005. a74 p. :bretrs. ;c28 cm. aIncluye índice